Greek papyri in the British Museum /

محفوظ في:

مؤلف مشترك: British Museum. Department of Manuscripts

مؤلفون آخرون: Skeat, T. C.

التنسيق: كتاب

اللغة: English
Ancient Greek

منشور في: London : British Museum, 1974.

الموضوعات:

الوسوم: إضافة وسم

لا توجد وسوم, كن أول من يضع وسما على هذه التسجيلة!

رقم الطلب: PA3304 .B8 v.7

LEADER 00835nam a22002537a 4500
003 OSt
005 20250922093312.0
008 250922s1974 enk g 000 0 eng d
040 |c ARCE Library 
041 0 |a eng  |a grc 
050 1 4 |a PA3304  |b .B8 v.7 
110 2 |a British Museum.  |b Department of Manuscripts, 
245 1 0 |a Greek papyri in the British Museum /  |c Edited by T.C. Skeat. 
264 1 |a London :  |b British Museum,   |c 1974. 
300 |a volume <7> ;  |c 33 cm. 
505 1 |a v. VII. / ed. by T. C. Skeat. The Zenon Archive. 
546 |a Text in English and Greek. 
650 0 |a Manuscripts, Coptic (Papyri)  |v Catalogs. 
650 0 |a Manuscripts, Greek (Papyri)  |v Catalogs. 
650 0 |a Manuscripts, Greek (Papyri)  |v Facsimiles. 
700 1 |a Skeat, T. C.  |q (Theodore Cressy) 
901 |a reviewed 
942 |c BK  |2 lcc 
999 |c 22262  |d 22262